000 00631nam a2200229Ia 4500
003 OSt
005 20220928113604.0
006 a|||||r|||| 00| 0
007 ta
008 220927b |||||||| |||| 00| 0 eng d
024 _a53412
037 _cTextual
040 _aSDCL
_cSDCL
_beng
041 _2eng
_aeng
082 _aX79F.2'N8, M1
100 _aRao M Govinda
_9374494
245 0 _aPolitical economy of tax and expenditure determination
260 _aNew Delhi
_bAllied Publishers
_c1981
300 _avii,212p
_ccm.
942 _hX79F.2'N8, M1
_cTEXL
_2CC
999 _c750347
_d750347